00805 2200289 4500001002100000005001500021035002000036007000300056040001700059100002600076245008200102300003000184020001800214041000800232082001000240084001600250090002100266264003100287336002100318337003000339338002300369650001400392700003700406850001000443008004100453990002100494INLIS00000000000909920260427113622 a0010-1122000058ta aSBPUPADbind0 aRaje AireyePengarang1 aLima Puluh Rahasia Alami Mengatasi Keluhan Akibat Mabuk Alkohol /cRaje Airey a63 hlm. :bilus. ;c23 cm a979-781-092-50 aind a613.3 a613.3 RAJ m a613.3 RAJ m 17-7 aJakarta :bErlangga,c2005 2rdacontentateks 2rdamediaatanpa perantara 2rdacarrieravolume 4aKesehatan aeditor, Theresia ViniePengarang aPUPAD260427 0  a929/Br/KAPD/2011